Engineering Chemistry/ (Record no. 167551)

MARC details
000 -LEADER
fixed length control field 00642nam a22001937a 4500
005 - DATE AND TIME OF LATEST TRANSACTION
control field 20190909110042.0
010 ## - LCCN (DPL NO)
LC control number ENG-126450
020 ## - INTERNATIONAL STANDARD BOOK NUMBER
Terms of availability 280.00
International Standard Book Number 978-93-83640-23-2
035 ## - SYSTEM CONTROL NUMBER
System control number EN-109982
037 ## - SOURCE OF ACQUISITION
Source of stock number/acquisition DBAD/PUB
082 ## - DEWEY DECIMAL CLASSIFICATION NUMBER
Classification number 540
100 ## - MAIN ENTRY--PERSONAL NAME
Personal name Mahender,C
245 ## - TITLE STATEMENT
Title Engineering Chemistry/
Statement of responsibility, etc by C Mahender [and] V Anitha Rani
260 ## - PUBLICATION, DISTRIBUTION, ETC. (IMPRINT)
Place of publication, distribution, etc Hyderabad
Name of publisher, distributor, etc Specturm Unversity
Date of publication, distribution, etc 2018
270 ## - ADDRESS
City Hyderabad
Address #326/C,1st Floor, Surneni Nilayam Near B K Guda Park, S R Nagar
Postal code 500038
Telephone number +91 40 23710657, 238000657
Fax number +91 40 23810657
300 ## - PHYSICAL DESCRIPTION
Extent 390p.
Dimensions 24cm(pbk)
700 ## - ADDED ENTRY--PERSONAL NAME
Personal name Rani,V Anitha
942 ## - ADDED ENTRY ELEMENTS (KOHA)
Source of classification or shelving scheme Dewey Decimal Classification
Item type English Books
Classification part 540
Call number suffix MAH
Holdings
Withdrawn status Lost status Not for loan Collection code Home library Current library Date acquired Source of acquisition Cost, normal purchase price Full call number Barcode Copy number Cost, replacement price Koha item type
      Non-fiction Ashok Vihar Ashok Vihar 09/09/2019 DBAD/PUB 280.00 540 MAH EN-109982 1 280.00 English Books

© Delhi Public Library
Hit Counter
free hit counter